<?xml version="1.0" encoding="UTF-8"?><?xml-stylesheet type="text/xsl" href="static/style.xsl"?><OAI-PMH xmlns="http://www.openarchives.org/OAI/2.0/" xmlns:xsi="http://www.w3.org/2001/XMLSchema-instance" xsi:schemaLocation="http://www.openarchives.org/OAI/2.0/ http://www.openarchives.org/OAI/2.0/OAI-PMH.xsd"><responseDate>2026-04-17T21:22:52Z</responseDate><request verb="GetRecord" identifier="oai:www.recercat.cat:20.500.12327/3460" metadataPrefix="marc">https://recercat.cat/oai/request</request><GetRecord><record><header><identifier>oai:recercat.cat:20.500.12327/3460</identifier><datestamp>2025-10-22T11:09:37Z</datestamp><setSpec>com_2072_4428</setSpec><setSpec>com_2072_4427</setSpec><setSpec>col_2072_487898</setSpec></header><metadata><record xmlns="http://www.loc.gov/MARC21/slim" xmlns:dcterms="http://purl.org/dc/terms/" xmlns:xsi="http://www.w3.org/2001/XMLSchema-instance" xmlns:doc="http://www.lyncode.com/xoai" xsi:schemaLocation="http://www.loc.gov/MARC21/slim http://www.loc.gov/standards/marcxml/schema/MARC21slim.xsd">
   <leader>00925njm 22002777a 4500</leader>
   <datafield ind2=" " ind1=" " tag="042">
      <subfield code="a">dc</subfield>
   </datafield>
   <datafield ind2=" " ind1=" " tag="720">
      <subfield code="a">Lecegui Perepérez, Antonio</subfield>
      <subfield code="e">author</subfield>
   </datafield>
   <datafield ind2=" " ind1=" " tag="720">
      <subfield code="a">Olaizola, Ana M</subfield>
      <subfield code="e">author</subfield>
   </datafield>
   <datafield ind2=" " ind1=" " tag="720">
      <subfield code="a">Kok, Kasper</subfield>
      <subfield code="e">author</subfield>
   </datafield>
   <datafield ind2=" " ind1=" " tag="720">
      <subfield code="a">Varela, Elsa</subfield>
      <subfield code="e">author</subfield>
   </datafield>
   <datafield ind2=" " ind1=" " tag="260">
      <subfield code="c">2024-12-01</subfield>
   </datafield>
   <datafield ind2=" " ind1=" " tag="520">
      <subfield code="a">Silvopastoral systems, integrating woody vegetation and livestock farming, are increasingly recognized as a sustainable&#xd;
land-use supporting biodiversity and ecosystem services provision in the Mediterranean. However, this traditional practice has declined&#xd;
in recent decades, mainly because of land abandonment and intensification processes. We investigated the relationships between the&#xd;
factors involved in the dynamics of silvopastoralism in two contrasting Spanish case studies in Mediterranean mid-mountain areas:&#xd;
Sierra de Guara Natural Park and Lluçanès region. Combining semi-structured interviews with researchers and participatory workshops&#xd;
with key stakeholders, we built a Fuzzy Cognitive Map (FCM) representing the shared perception of forest grazing in each region and&#xd;
implemented methodological improvements in FCM post-processing and analysis leading to an improved understanding of FCM&#xd;
outcomes. Results revealed that the dynamics of forest grazing are highly influenced by the socioeconomic attractiveness of the farming&#xd;
sector because it was a central factor in both case studies, whereas the importance of other factors such as farm abandonment in Guara&#xd;
and access to land in Lluçanès were site-specific. Climate change and the Common Agricultural Policy (CAP) were identified as the&#xd;
main external drivers undermining forest grazing in both sites while the incidence of other economic activities (i.e., tourism or other&#xd;
livestock production systems) relied on the context of each region. In contrast, technological innovations, including GPS collars and&#xd;
virtual fencing, along with the existence of infrastructures such as water points and active forest management, were identified to promote&#xd;
beneficial feedback loops for forest grazing. Although the current policy framework is failing in fostering silvopastoralism, a policy&#xd;
shift from direct payments to result-based schemes for biomass reduction and wildfire prevention tailored to each region’s environmental&#xd;
constraints and potentials would lead to better outcomes for society as a whole.</subfield>
   </datafield>
   <datafield ind1="8" ind2=" " tag="024">
      <subfield code="a">Lecegui, Antonio, Ana Olaizola, Kasper Kok, and Elsa Varela. 2024. “What Shapes Silvopastoralism in Mediterranean Mid-mountain Areas? Understanding Factors, Drivers, and Dynamics Using Fuzzy Cognitive Mapping.” Ecology and Society 29 (4): 27. doi: 10.5751/es-15605-290427</subfield>
   </datafield>
   <datafield ind1="8" ind2=" " tag="024">
      <subfield code="a">1708-3087</subfield>
   </datafield>
   <datafield ind1="8" ind2=" " tag="024">
      <subfield code="a">http://hdl.handle.net/20.500.12327/3460</subfield>
   </datafield>
   <datafield ind1="8" ind2=" " tag="024">
      <subfield code="a">https://doi.org/10.5751/ES-15605-290427</subfield>
   </datafield>
   <datafield ind2="0" ind1="0" tag="245">
      <subfield code="a">What shapes silvopastoralism in Mediterranean mid-mountain areas? Understanding factors, drivers, and dynamics using fuzzy cognitive mapping</subfield>
   </datafield>
</record></metadata></record></GetRecord></OAI-PMH>